LEADER 01160nam a2200277 i 4500 001 000000040275 003 CaOOAMICUS 005 20110719000000.0 008 110719s1993 it u000 u ita u 013 $a11445 020 $a88-15-04125-7 040 $aSeMil$bita 100 1 $aBroggini, Renata.$0(OLS)http://semarc/name/19667 245 10$aTerra d'asilo :$bi rifugiati italiani in Svizzera, 1943-1945 /$cRenata Broggini. 260 $aBologna :$bIl Mulino,$ccopyr. 1993. 300 $a716 p., [32] p. di tav. ;$c22 cm. 490 0 $aBiblioteca storica 650 4$aGuerra mondiale <1939-1945>.$0(OLS)http://semarc/subject/2761 650 4$aSvizzera.$0(OLS)http://semarc/subject/8424 830 0$aBiblioteca storica.$0(OLS)http://semarc/title/9383 850 $aSeMil 852 $aSeMil$W1$xVenegono$y1$m3V V 203$j6430$B6430$CSeMilBibl$Z2$F6430 $81 961 $aAcquisto: Pontiggia (Libreria) 996 $6020$a88-15-04125-7$9(OLS)http://semarc/number/10362 996 $6245$aTerra d'asilo :$bi rifugiati italiani in Svizzera, 1943-1945$9(OLS)http://semarc/title/57760 996 $6260$aBologna :$bIl Mulino$9(OLS)http://semarc/publisher/29842 LEADER 01107nam a2200229 i 4500 001 000000104663 003 CaOOAMICUS 005 20011211000000.0 008 011211s1965 it u000 u lat u 013 $a76852 040 $aSeMil$bita 100 1 $aOchoa Sanz, Javier,$c.$0(OLS)http://semarc/name/988 245 10$aIndices titulorum et legum Corporis Iuris Civilis. 300 $aXI, 291 p. 490 0 $aUniversa Bibliotheca Iuris. Subsidia 650 4$aCorpus Iuris Civilis - Indici.$0(OLS)http://semarc/subject/18240 700 1 $aDiez, Luis .$0(OLS)http://semarc/name/44218 773 0 $aIstituto di teologia della vita religiosa «Claretianum» $tIndex Canonum et Legum totius Corporis Iuris Canonici et Civilis.$dRoma : Commentarium pro Religiosis, 1964-1965.$g2$w()1142 830 0$aUniversa Bibliotheca Iuris. Subsidia.$0(OLS)http://semarc/title/1415 850 $aSeMil 852 $aSeMil$W1$xVenegono$y1$mSL1.N VIII 2$j258196$B60966$CSeMilBibl$Z2$F70213 $8I 996 $6245$aIndices titulorum et legum Corporis Iuris Civilis$9(OLS)http://semarc/title/151642